Les 10 villes d'Italie les plus peuplées commençant par O - Statistiques

Statistiques générales
  • Ce quiz a été pris 3 fois
  • Le résultat moyen est 2 sur 10
Statistiques - réponses
# Ville Population % Correct
1 Olbia 60.577
100%
10 Orvieto 20.468
33%
4 Ostuni 30.143
33%
9 Oderzo 20.645
0%
7 Orbassano 22.345
0%
3 Oristano 32.015
0%
5 Orta di Atella 27.311
0%
8 Ortona 22.193
0%
2 Osimo 34.701
0%
6 Ottaviano 23.115
0%
Aucun quiz correspondant
Distribution des résultats
% des personnes avec chaque résultat
Percentile par nombre de réponses
Votre historique - résultats
Vous n’avez pas pris ce quiz